Wars Involving Canada - Statistics

General Stats
  • This quiz has been taken 134 times
  • The average score is 7 of 19
Answer Stats
Year Opponents Result Answer % Correct
1914-1918 GermanyAustria-Hungary Ottoman Empire Bulgaria Victory World War One
94%
1939-1945 GermanyJapan Italy Hungary Bulgaria Romania Finland Siam Various Puppet States Victory World War Two
94%
1950-1953 North KoreaChina USSR Compromise Korean War
78%
1990-1991 Iraq Victory Gulf War
69%
1918-1920 Russian SFSRFar Eastern Republic Latvian SSR Ukrainian SSR Communist Estonia Communist Mongolia Defeat Russian Civil War
56%
1899-1902 Orange Free StateSouth African Republic Victory 2nd Boer War
55%
2001-2014 AfghanistanTaliban Islamic State Al-Qaeda Defeat Afghan War
54%
1866-1871 Fenian Brotherhood Victory Fenian Raids
37%
1881-1899 Sudan Victory Mahdist War
33%
1993 Croatia Victory Operation Medak Pocket
33%
1992-1995 Somalia Victory Somali Civil War
33%
1992-1995 Srpska Victory Bosnian War
31%
1984-Present Denmark Ongoing Whisky War
22%
1960-1963 KatangaSouth Kansai Victory Congo Crisis
20%
1999-2000 Indonesian Militias Victory Force for East Timor
14%
1885 Saskatchewan RebelsMetis
Cree Assiniboine
Victory Northwest Rebellion
12%
2014-Present ISIS Ongoing Intervention in Iraq and Syria
7%
2011 Libya Victory 1st Libyan Civil War
2%
1870 Metis Victory Wolseley Expedition
2%
No matching quizzes found
Score Distribution
Percent of People with Each Score
Percentile by Number Answered
Your Score History
You have not taken this quiz